[Event "Championnat de France des Jeunes - Pupil"]
[Site "Aix-les-Bains"]
[Date "2009.04.24"]
[Round "7.4"]
[White "Legrand, Claire"]
[Black "Quelennec, Amelie"]
[Result "1-0"]
[WhiteElo "1607"]
[BlackElo "1410"]
[PlyCount "99"]

1. e4 b6 2. d4 Bb7 3. Nc3 e6 4. Nge2 Bb4 5. a3 Bxc3+ 6. Nxc3 Nf6 7. Qd3 d6 8.
Be2 Nbd7 9. Be3 c5 10. f3 cxd4 11. Qxd4 Nc5 12. b4 e5 13. Qd2 Ne6 14. Rd1 Qc7
15. Nb5 Qc6 16. Nxd6+ Ke7 17. Nxb7 Qxb7 18. Qd6+ Ke8 19. Bb5+ Nd7 20. Bxd7+
Qxd7 21. Qxd7+ Kf8 22. Qd6+ Ke8 23. Qc6+ Ke7 24. Qd6+ Ke8 25. c4 Rd8 26. Qc6+
Ke7 27. Bg5+ Nxg5 28. Qc7+ Kf6 29. Rxd8 Ne6 30. Rd6 g6 31. g4 Rf8 32. g5+ Kxg5
33. Rxe6 fxe6 34. Qxe5+ Kh6 35. Qxe6 Rxf3 36. Qe7 Rxa3 37. Qf8+ Kh5 38. Ke2
Ra2+ 39. Kd3 Ra3+ 40. Kd4 Ra2 41. e5 Re2 42. Qf3+ Kh6 43. Qxe2 a5 44. bxa5 bxa5
45. e6 a4 46. e7 a3 47. e8=Q a2 48. Q2e3+ Kh5 49. Q8e5+ Kh4 50. Q3g3# 1-0

[Event "Championnat de France des Jeunes - Pupil"]
[Site "Aix-les-Bains"]
[Date "2009.04.24"]
[Round "7.5"]
[White "Duval, Claire"]
[Black "Lin, Yun"]
[Result "0-1"]
[WhiteElo "1370"]
[BlackElo "1570"]
[PlyCount "146"]

1. d4 d5 2. c4 e6 3. Nc3 Nf6 4. Bg5 Be7 5. e3 O-O 6. Bd3 b6 7. Nf3 Bb7 8. O-O
Nbd7 9. Rc1 c5 10. b3 cxd4 11. exd4 dxc4 12. bxc4 h6 13. Bh4 Re8 14. Re1 Rc8
15. Qe2 Nh5 16. Bxe7 Qxe7 17. Qe3 Nhf6 18. Rc2 Qd6 19. h3 a6 20. Rb1 Bxf3 21.
gxf3 Rb8 22. Kh1 Nh5 23. Rg1 Qf4 24. Rg4 Qxe3 25. fxe3 Nhf6 26. Rgg2 Rbc8 27.
Rg1 Kh8 28. Ne4 Nxe4 29. Bxe4 Rc7 30. Bd3 a5 31. e4 e5 32. dxe5 Nxe5 33. Be2
Rd8 34. f4 Ng6 35. Rf1 Rcd7 36. Rf2 Rd4 37. f5 Ne5 38. Rf4 Rd2 39. Rxd2 Rxd2
40. Bf1 Rxa2 41. f6 g6 42. Kg1 Rc2 43. Rf2 Rc1 44. Kg2 Nxc4 45. Kf3 b5 46. Ke2
Rc2+ 47. Ke1 Rxf2 48. Kxf2 a4 49. Bd3 a3 50. Bb1 Nd2 51. Ba2 Nxe4+ 52. Ke3 Nc3
53. Bxf7 a2 54. Bxa2 Nxa2 55. Kd4 Kg8 56. Kc5 b4 57. Kc4 Kf7 58. Kb3 Nc1+ 59.
Kxb4 Kxf6 60. Kc3 Ne2+ 61. Kd2 Nf4 62. Ke3 Nxh3 63. Kf3 Kf5 64. Kg3 Nf4 65. Kf3
g5 66. Kg3 h5 67. Kh2 Kg4 68. Kh1 Kf3 69. Kh2 Kf2 70. Kh1 g4 71. Kh2 g3+ 72.
Kh1 g2+ 73. Kh2 g1=Q# 0-1

[Event "Championnat de France des Jeunes - Pupil"]
[Site "Aix-les-Bains"]
[Date "2009.04.24"]
[Round "7.6"]
[White "Baldi, Valentine"]
[Black "Raihauti, Mataheitini"]
[Result "1-0"]
[WhiteElo "1642"]
[BlackElo "1520"]
[PlyCount "101"]

1. d4 d5 2. c4 e6 3. Nc3 Nf6 4. Nf3 g6 5. e3 Bg7 6. Bd3 O-O 7. O-O Nbd7 8. e4
b6 9. e5 Ng4 10. h3 Nh6 11. cxd5 exd5 12. Nxd5 Bb7 13. Bg5 Qb8 14. Nf4 f6 15.
exf6 Nxf6 16. h4 Ne4 17. Bxe4 Bxe4 18. Ne5 Bxe5 19. dxe5 Nf7 20. Bf6 Nd8 21.
Qb3+ Rf7 22. h5 Kf8 23. Qb4+ c5 24. Qxe4 Qb7 25. Qxb7 Nxb7 26. hxg6 hxg6 27.
Nxg6+ Ke8 28. Rad1 a5 29. a4 c4 30. Rd4 Nd8 31. Rxc4 Rb8 32. Rfc1 Kd7 33. Rc7+
Ke6 34. Rxf7 Nxf7 35. g4 Rg8 36. Nf4+ Kd7 37. f3 Ng5 38. Kg2 Ne6 39. Nxe6 Kxe6
40. Rc6+ Kf7 41. Rxb6 Rc8 42. Kg3 Rc4 43. b3 Rd4 44. g5 Rd3 45. Kg4 Re3 46. f4
Re4 47. Kf5 Re3 48. e6+ Ke8 49. e7 Kf7 50. g6+ Kg8 51. Rb8# 1-0

[Event "Championnat de France des Jeunes - Pupil"]
[Site "Aix-les-Bains"]
[Date "2009.04.24"]
[Round "7.7"]
[White "Canterel, Cecile"]
[Black "Susini, Noelia"]
[Result "1-0"]
[WhiteElo "1560"]
[BlackElo "1450"]
[PlyCount "135"]

1. d4 d5 2. c4 c6 3. Nf3 Nf6 4. g3 e6 5. Bg2 Nbd7 6. O-O Bd6 7. Qd3 O-O 8. Nc3
b6 9. e4 dxe4 10. Nxe4 Nxe4 11. Qxe4 Bb7 12. Qc2 Rc8 13. b3 Re8 14. Bb2 c5 15.
Ng5 Qxg5 16. Bxb7 Rc7 17. Bg2 cxd4 18. Bxd4 Qg4 19. Qe4 Qxe4 20. Bxe4 f5 21.
Bg2 Nc5 22. Rad1 Rd7 23. Rfe1 Rde7 24. Bxg7 Bxg3 25. hxg3 Rxg7 26. Re3 Kf7 27.
Rde1 Reg8 28. b4 f4 29. Rf3 Nd7 30. Rxf4+ Ke7 31. Rfe4 Rg6 32. Bh3 Nf8 33. a4
Rh6 34. Bg2 Rg5 35. Rd4 a5 36. Rb1 axb4 37. Rxb4 Nd7 38. Bc6 Nb8 39. Bf3 e5 40.
Rd1 Na6 41. Rb5 Nc7 42. Rb2 Rd6 43. Rxd6 Kxd6 44. Rxb6+ Kc5 45. Rc6+ Kb4 46.
Rxc7 Kxa4 47. Rxh7 Kb4 48. Rc7 Rf5 49. Be4 Rf6 50. c5 Kb5 51. c6 Kb6 52. Re7
Rd6 53. Rxe5 Rd1+ 54. Kg2 Rc1 55. Re7 Re1 56. Kf3 Rd1 57. Rb7+ Ka6 58. Rb8 Rc1
59. Rb3 Rh1 60. c7 Rh8 61. Bb7+ Ka7 62. c8=Q Rxc8 63. Bxc8 Ka8 64. Ke4 Ka7 65.
Kd5 Ka8 66. Kc6 Ka7 67. Kc7 Ka8 68. Ra3# 1-0

[Event "Championnat de France des Jeunes - Pupil"]
[Site "Aix-les-Bains"]
[Date "2009.04.24"]
[Round "7.8"]
[White "Del Valle, Julie"]
[Black "Le Berre, Audrey"]
[Result "0-1"]
[WhiteElo "1530"]
[BlackElo "1470"]
[PlyCount "76"]

1. d4 Nf6 2. c4 g6 3. Nc3 Bg7 4. Nf3 d6 5. e4 O-O 6. Be2 Re8 7. Bg5 e5 8. O-O
Bg4 9. h3 Bxf3 10. Bxf3 Nc6 11. Ne2 Qd7 12. Qd2 exd4 13. Nxd4 Nxd4 14. Qxd4
Nxe4 15. Qd3 Nxg5 16. Bg4 Qd8 17. Rfb1 Ne6 18. Re1 Nc5 19. Qc2 Qf6 20. Bf3
Rxe1+ 21. Rxe1 Qxb2 22. Qxb2 Bxb2 23. Rb1 Bd4 24. Bxb7 Rb8 25. Rd1 Bxf2+ 26.
Kxf2 Rxb7 27. Kg1 Kg7 28. Re1 Ne6 29. Re3 Rb1+ 30. Kh2 Rb2 31. a3 a5 32. Rf3 a4
33. Kg1 Rb3 34. Kh2 Nd4 35. Rg3 Nc2 36. Rxb3 axb3 37. a4 b2 38. a5 b1=Q 0-1

[Event "Championnat de France des Jeunes - Pupil"]
[Site "Aix-les-Bains"]
[Date "2009.04.24"]
[Round "7.9"]
[White "Dol, Cecile"]
[Black "Sauve, Anne-Charlotte"]
[Result "1-0"]
[WhiteElo "1510"]
[BlackElo "1410"]
[PlyCount "65"]

1. e4 e5 2. d4 exd4 3. c3 d5 4. Qxd4 dxe4 5. Qxe4+ Be7 6. Qd3 Bd7 7. Nf3 Nc6 8.
Be2 Nf6 9. O-O O-O 10. Bg5 Qe8 11. Rd1 Rd8 12. Qc2 Bd6 13. Bxf6 gxf6 14. Bd3 f5
15. Nbd2 Ne7 16. Nc4 Ba4 17. b3 Bd7 18. Nd4 f6 19. Nxf5 Nxf5 20. Bxf5 Qh5 21.
Nxd6 Bxf5 22. Nxf5 Rxd1+ 23. Rxd1 Re8 24. Ng3 Qf7 25. Qf5 Qe7 26. Qd5+ Kf8 27.
Qxb7 f5 28. Qf3 c6 29. Qxf5+ Kg8 30. h3 c5 31. Kh2 Qc7 32. Rd7 Rf8 33. Qxh7#
1-0

[Event "Championnat de France des Jeunes - Pupil"]
[Site "Aix-les-Bains"]
[Date "2009.04.24"]
[Round "7.10"]
[White "Malassagne, Isabelle"]
[Black "Parlas, Helin"]
[Result "1/2-1/2"]
[WhiteElo "1500"]
[BlackElo "1340"]
[PlyCount "48"]

1. g3 g6 2. Bg2 Bg7 3. Nf3 e5 4. d3 c5 5. c4 Nc6 6. O-O Nge7 7. Bg5 e4 8. Nc3
exf3 9. Bxf3 O-O 10. Qd2 d6 11. Qe3 Re8 12. Qf4 Be6 13. Rab1 a5 14. Ne4 Qd7 15.
Bf6 Nf5 16. g4 Qc8 17. gxf5 Bxf5 18. Nxd6 Qe6 19. Nxe8 Rxe8 20. Bxg7 Kxg7 21.
Qe3 Qd7 22. Qg5 Nb4 23. a3 Nc2 24. h4 Nd4 1/2-1/2

[Event "Championnat de France des Jeunes - Pupil"]
[Site "Aix-les-Bains"]
[Date "2009.04.24"]
[Round "7.11"]
[White "Thomas, Apolline"]
[Black "Broly, Marine"]
[Result "1/2-1/2"]
[WhiteElo "1440"]
[BlackElo "1470"]
[PlyCount "137"]

1. e4 d6 2. d4 f5 3. exf5 Bxf5 4. Nf3 Nf6 5. Bc4 Nc6 6. a3 Qd7 7. Be3 e6 8. Nc3
h6 9. Qd2 d5 10. Bb5 Bd6 11. O-O-O O-O-O 12. Bf4 Bg4 13. Qe3 Rhf8 14. Bxd6 Qxd6
15. h3 Bxf3 16. Qxf3 a6 17. Bxc6 Qxc6 18. Qg3 Qd7 19. Rhe1 Rde8 20. f3 Qf7 21.
Qf2 Nh5 22. Rg1 Nf4 23. Kb1 g5 24. Qe3 Qf6 25. Na4 e5 26. dxe5 Rxe5 27. Qb3 Qc6
28. Nc3 Qc4 29. Qxc4 dxc4 30. Rd4 b5 31. Rd2 Rd8 32. Rf2 Rde8 33. Rff1 c6 34.
g3 Nd5 35. Ne4 a5 36. g4 Kc7 37. Ng3 Nf4 38. Rh1 b4 39. axb4 axb4 40. Nf5 Rh8
41. Ng7 Kb6 42. Rd1 Re3 43. Rdf1 Rh7 44. Nf5 b3 45. Nxe3 bxc2+ 46. Kxc2 Kb5 47.
Rb1 Re7 48. Nf5 Re2+ 49. Kd1 Rg2 50. Nxh6 Nd3 51. h4 Nf2+ 52. Ke1 Nxh1 53. hxg5
Rh2 54. f4 Kc5 55. f5 Kd6 56. f6 Ke6 57. f7 Ke7 58. g6 Rxh6 59. Kd2 Rxg6 60.
Rf1 Kf8 61. Rxh1 Rxg4 62. Rf1 Rg7 63. Kc3 Rxf7 64. Rxf7+ Kxf7 65. Kxc4 Ke7 66.
Kc5 Kd7 67. b4 Kc7 68. b5 cxb5 69. Kxb5 1/2-1/2

[Event "Championnat de France des Jeunes - Pupil"]
[Site "Aix-les-Bains"]
[Date "2009.04.24"]
[Round "7.12"]
[White "Terrazzoni, Claire"]
[Black "Dusserre, Salome"]
[Result "0-1"]
[WhiteElo "1460"]
[BlackElo "1280"]
[PlyCount "86"]

1. e4 c6 2. d4 d5 3. Nc3 dxe4 4. Nxe4 Nf6 5. Nxf6+ gxf6 6. Nf3 Bg7 7. Bd3 Bg4
8. Be2 Nd7 9. O-O Qc7 10. Be3 O-O-O 11. h3 Bxf3 12. Bxf3 Ne5 13. Bg4+ Nxg4 14.
Qxg4+ Qd7 15. Qxg7 Rdg8 16. Qh6 Rg6 17. Qh5 Qd6 18. Rad1 e6 19. c4 Rhg8 20. g4
f5 21. f3 fxg4 22. hxg4 Rxg4+ 23. fxg4 Qg3+ 24. Kh1 Rxg4 25. Qxg4 Qxg4 26. Rde1
h5 27. Rxf7 Qh4+ 28. Kg2 Qxe1 29. Bf4 Qe4+ 30. Kh3 Qf3+ 31. Kh2 Qe2+ 32. Kh3
Qxc4 33. Rc7+ Kd8 34. Rxb7 Qf1+ 35. Kh4 Qxf4+ 36. Kxh5 c5 37. Rxa7 cxd4 38. Ra4
Ke7 39. Kg6 Qg4+ 40. Kh7 Qe4+ 41. Kg7 Qg2+ 42. Kh6 Kf6 43. Kh5 Qg5# 0-1

[Event "Championnat de France des Jeunes - Pupil"]
[Site "Aix-les-Bains"]
[Date "2009.04.24"]
[Round "7.13"]
[White "Duffaud, Celia"]
[Black "Nourani, Maral"]
[Result "0-1"]
[WhiteElo "1310"]
[BlackElo "1550"]
[PlyCount "118"]

1. c4 e5 2. Nc3 Nc6 3. g3 g6 4. Bg2 Bg7 5. e3 d6 6. Nge2 f5 7. d3 Nf6 8. O-O
O-O 9. b3 Be6 10. Bb2 Qd7 11. d4 exd4 12. exd4 d5 13. cxd5 Nxd5 14. Nxd5 Bxd5
15. Ba3 Rfe8 16. Bb2 Rad8 17. Qd2 Bxg2 18. Kxg2 Ne5 19. f4 Qd5+ 20. Kf2 Nf3 21.
Qd3 Nxh2 22. Rfd1 Ng4+ 23. Ke1 Qg2 24. Qc4+ Kh8 25. Rab1 Ne3 26. Qd3 Nxd1 27.
Kxd1 Qe4 28. Qxe4 Rxe4 29. Rc1 c6 30. Rc4 Re7 31. Ba3 Red7 32. Bb2 Rc8 33. Ra4
b6 34. Rc4 c5 35. a4 Rcc7 36. b4 cxd4 37. Rxc7 Rxc7 38. Nxd4 Rd7 39. Ke2 Bxd4
40. Bc1 Bc3 41. b5 Rd4 42. Ba3 Rxa4 43. Bd6 a6 44. bxa6 Rxa6 45. Kd3 Be1 46.
Kc4 b5+ 47. Kxb5 Rxd6 48. Kc5 Rd1 49. Kc4 Bxg3 50. Kc3 Bxf4 51. Kc2 Rd8 52. Kc3
g5 53. Kc4 g4 54. Kc5 g3 55. Kc6 g2 56. Kb7 g1=Q 57. Kc6 Qc1+ 58. Kb5 Rb8+ 59.
Ka5 Qa1# 0-1

[Event "Championnat de France des Jeunes - Pupil"]
[Site "Aix-les-Bains"]
[Date "2009.04.24"]
[Round "7.14"]
[White "Rouffignac, Marie"]
[Black "Vaudo, Stella-Maria"]
[Result "0-1"]
[WhiteElo "1480"]
[BlackElo "1320"]
[PlyCount "68"]

1. e4 e5 2. Nc3 Nf6 3. f4 Nc6 4. fxe5 Nxe5 5. d4 Nc6 6. e5 Ng8 7. Nf3 d5 8. Bb5
Bd7 9. Nxd5 a6 10. Be2 Be6 11. Nc3 Bg4 12. Be3 Bb4 13. O-O Nge7 14. a3 Nf5 15.
Bf2 Bxc3 16. bxc3 O-O 17. h3 Bxf3 18. Bxf3 f6 19. Qd3 fxe5 20. Be4 g6 21. Bxc6
bxc6 22. Qc4+ Qd5 23. Qxd5+ cxd5 24. dxe5 Rfe8 25. Bd4 Rac8 26. Rfe1 Ng3 27.
Rab1 Ne4 28. Rb7 c5 29. Bf2 Rxe5 30. Rd7 Rce8 31. Bxc5 Nxc5 32. Rxe5 Rxe5 33.
Kf2 Ne4+ 34. Ke3 Nc5+ 0-1

[Event "Championnat de France des Jeunes - Pupil"]
[Site "Aix-les-Bains"]
[Date "2009.04.24"]
[Round "7.15"]
[White "Remy, Camille"]
[Black "Minaud, Emily"]
[Result "0-1"]
[WhiteElo "1320"]
[BlackElo "1430"]
[PlyCount "118"]

1. e4 e5 2. Nf3 Nc6 3. Bc4 Nf6 4. Ng5 d5 5. exd5 Nxd5 6. d3 h6 7. Nf3 Bg4 8. h3
Bh5 9. Bd2 Nb6 10. Nc3 Nd4 11. g4 Bg6 12. Nxd4 exd4 13. Qe2+ Be7 14. Na4 Qd6
15. a3 c5 16. Bb5+ Nd7 17. Bxd7+ Qxd7 18. Nxc5 Qd5 19. Ne4 Bxe4 20. dxe4 Qe5
21. O-O-O a5 22. f3 b5 23. c3 O-O 24. cxd4 Qc7+ 25. Kb1 b4 26. Ka2 bxa3 27. Rc1
Qb6 28. bxa3 Qxd4 29. Bc3 Qa4 30. Bb2 Rfb8 31. Rc3 Rc8 32. Rb3 Rab8 33. Rd3
Qc4+ 34. Kb1 Bxa3 35. Rh2 Bxb2 36. Rd8+ Kh7 37. Qxc4 Be5+ 38. Ka2 Rxc4 39. Rxb8
Bxh2 40. Ra8 Rc3 41. Rxa5 Rxf3 42. Ra7 g5 43. Kb2 Kg6 44. Kc2 Rxh3 45. Kd2 f6
46. Ke2 h5 47. Ra6 hxg4 48. e5 Bxe5 49. Kf2 Kf5 50. Ra5 Ke4 51. Ra4+ Bd4+ 52.
Kg2 Rd3 53. Ra1 Bxa1 54. Kf2 Be5 55. Kg2 Kf4 56. Kh2 Rd2+ 57. Kg1 Kf3 58. Kf1
Kg3 59. Kg1 Rd1# 0-1

[Event "Championnat de France des Jeunes - Open "]
[Site "Aix les Bains"]
[Date "????.??.??"]
[Round "7.1"]
[White "Durand, Victor"]
[Black "Muller, Matthieu"]
[Result "0-1"]
[WhiteElo "1856"]
[BlackElo "1808"]
[PlyCount "76"]

1. e4 c5 2. Nf3 d6 3. d4 cxd4 4. Nxd4 Nf6 5. Nc3 e6 6. Be3 a6 7. f3 Be7 8. Qd2
Nc6 9. O-O-O Ne5 10. g4 b5 11. Bg2 Nc4 12. Qf2 Nxg4 13. fxg4 Nxe3 14. Rd3 Nxg4
15. Qe2 Ne5 16. Rg3 b4 17. Nd1 a5 18. Rxg7 Ng6 19. Nc6 Bg5+ 20. Kb1 Qf6 21. Qb5
Ba6 22. Qxa5 Qxg7 23. Qxg5 O-O 24. Ne3 b3 25. axb3 Bb7 26. Qb5 Bxc6 27. Qxc6
Ra7 28. Qxd6 Rfa8 29. c3 Ne5 30. Kc2 Rd7 31. Qc5 Rad8 32. Bf1 Rd2+ 33. Kb1 Qg5
34. Bb5 Rxb2+ 35. Ka1 Ra8+ 36. Kxb2 Nd3+ 37. Bxd3 Qxc5 38. Rg1+ Kf8 0-1

[Event "Championnat de France des Jeunes - Open "]
[Site "Aix les Bains"]
[Date "????.??.??"]
[Round "7.2"]
[White "Brandt, Anatole"]
[Black "Kaser, Simon"]
[Result "0-1"]
[WhiteElo "1773"]
[BlackElo "1692"]
[PlyCount "58"]

1. e4 c5 2. Nf3 Nc6 3. d4 cxd4 4. Nxd4 e5 5. Nb5 d6 6. N1c3 a6 7. Na3 b5 8. Nd5
Nge7 9. Bg5 f6 10. Qh5+ Ng6 11. Be3 Rb8 12. f4 exf4 13. Nxf4 Nce5 14. Nxg6 Nxg6
15. Bd3 Kf7 16. e5 dxe5 17. O-O-O Bxa3 18. Bc4+ bxc4 19. Rxd8 Bxb2+ 20. Kd1
Rxd8+ 21. Ke2 Be6 22. g4 Kg8 23. g5 Rd4 24. Rg1 Rh4 25. Qf3 Rxh2+ 26. Kf1 Bh3+
27. Ke1 Bc3+ 28. Kd1 Rb1+ 29. Bc1 Rd2+ 0-1

[Event "Championnat de France des Jeunes - Open "]
[Site "Aix les Bains"]
[Date "????.??.??"]
[Round "7.3"]
[White "Bain-Thouverez, Aurelien"]
[Black "Romero, Vladimir"]
[Result "1/2-1/2"]
[WhiteElo "1607"]
[BlackElo "1725"]
[PlyCount "102"]

1. d4 d5 2. c4 Nc6 3. cxd5 Qxd5 4. Nf3 e5 5. Nc3 Bb4 6. dxe5 Bxc3+ 7. bxc3
Qxd1+ 8. Kxd1 Bg4 9. Bf4 O-O-O+ 10. Kc2 Nge7 11. e3 Ng6 12. Be2 Bxf3 13. Bxf3
Ncxe5 14. Bxe5 Nxe5 15. Be2 Rd6 16. Rad1 Rhd8 17. Rxd6 Rxd6 18. Rd1 Kd7 19.
Rxd6+ Kxd6 20. f4 Ng6 21. g4 Ne7 22. c4 Kc5 23. Kc3 Nc8 24. h4 Nd6 25. Bd3 h6
26. g5 f6 27. gxf6 gxf6 28. e4 Nc8 29. e5 fxe5 30. fxe5 Ne7 31. Be4 c6 32. h5
b5 33. cxb5 cxb5 34. a3 a5 35. Kd3 b4 36. axb4+ axb4 37. Ke3 b3 38. Kd3 Nd5 39.
Bxd5 Kxd5 40. Kc3 Kxe5 41. Kxb3 Kf5 42. Kc2 Kg5 43. Kd2 Kxh5 44. Ke2 Kh4 45.
Kf2 Kh3 46. Kg1 Kg3 47. Kh1 h5 48. Kg1 h4 49. Kh1 h3 50. Kg1 h2+ 51. Kh1 Kh3
1/2-1/2

[Event "Championnat de France des Jeunes - Open "]
[Site "Aix les Bains"]
[Date "????.??.??"]
[Round "7.4"]
[White "Martin, Axel"]
[Black "Devaux, Matthieu"]
[Result "1-0"]
[WhiteElo "1719"]
[BlackElo "1610"]
[PlyCount "89"]

1. e4 e6 2. d4 d5 3. exd5 exd5 4. Nf3 Nf6 5. c4 dxc4 6. Bxc4 Be7 7. O-O O-O 8.
Nc3 Bg4 9. Re1 Nc6 10. d5 Nb8 11. Qd3 Nbd7 12. Nd4 Bd6 13. f4 Nc5 14. Qf1 a5
15. Bd2 Bd7 16. h3 Nh5 17. g4 Nf6 18. Qf3 Ne8 19. Rad1 Qf6 20. Bc1 Rc8 21. a3
c6 22. b4 axb4 23. axb4 cxd5 24. Nxd5 Qd8 25. bxc5 Bxc5 26. Bb3 Bc6 27. Kh2 Nc7
28. Nxc6 bxc6 29. Ne7+ Qxe7 30. Rxe7 Bxe7 31. Rd7 Nd5 32. Bxd5 cxd5 33. Rxe7
Rxc1 34. Qxd5 Rc2+ 35. Kg3 Rc3+ 36. Kh4 Rcc8 37. Rd7 Rb8 38. f5 Rb6 39. g5 Rb4+
40. Kg3 Rb6 41. h4 h6 42. g6 Kh8 43. Qxf7 Rg8 44. Qxg8+ Kxg8 45. Rd8# 1-0

[Event "Championnat de France des Jeunes - Open "]
[Site "Aix les Bains"]
[Date "????.??.??"]
[Round "7.5"]
[White "Allard, Thomas"]
[Black "Flores, Adrian"]
[Result "0-1"]
[WhiteElo "1701"]
[BlackElo "1510"]
[PlyCount "70"]

1. e4 c5 2. Nf3 d6 3. d4 cxd4 4. Nxd4 Nf6 5. Nc3 a6 6. f3 e5 7. Nb3 Be6 8. Be3
Be7 9. Qd2 O-O 10. O-O-O a5 11. g4 a4 12. Na1 Nc6 13. h4 Nb4 14. Kb1 a3 15. b3
Qa5 16. h5 Rfc8 17. g5 Ne8 18. g6 f5 19. Bh3 Nxc2 20. Nxc2 Qxc3 21. Qxc3 Rxc3
22. exf5 Bxb3 23. axb3 Bf6 24. Rc1 Rxb3+ 25. Ka2 Rb2+ 26. Ka1 Nc7 27. Rhd1 Nb5
28. Bf1 Nc3 29. Bc4+ Kh8 30. Rd2 b5 31. Bd5 e4 32. Nd4 Nxd5 33. Rxb2 axb2+ 34.
Kxb2 Nxe3 35. Kc3 Rc8+ 0-1

[Event "Championnat de France des Jeunes - Open "]
[Site "Aix les Bains"]
[Date "????.??.??"]
[Round "7.6"]
[White "Demeure, Florian"]
[Black "Hammann, Benjamin"]
[Result "1-0"]
[WhiteElo "1696"]
[BlackElo "1959"]
[PlyCount "71"]

1. e4 c5 2. Nf3 d6 3. d4 cxd4 4. Nxd4 Nf6 5. Nc3 g6 6. Be3 Bg7 7. f3 O-O 8. Bc4
Nc6 9. Qd2 a6 10. O-O-O Ne5 11. Bb3 b5 12. h4 Bd7 13. h5 Rb8 14. hxg6 Nxg6 15.
g4 e6 16. Bh6 Bh8 17. Bxf8 Qxf8 18. Qh2 Qg7 19. Qxd6 Rb7 20. Qxa6 Rc7 21. Ndxb5
Bxb5 22. Qxb5 Nf8 23. e5 Qg5+ 24. Kb1 N6d7 25. Rdf1 Rc5 26. Qb4 Qxe5 27. f4 Qc7
28. Ne2 Rc6 29. f5 Rb6 30. Qd2 Qe5 31. Nc3 Rd6 32. Qf4 Qc5 33. fxe6 Bxc3 34.
Qxf7+ Kh8 35. e7 Rd1+ 36. Rxd1 1-0

[Event "Championnat de France des Jeunes - Open "]
[Site "Aix les Bains"]
[Date "????.??.??"]
[Round "7.7"]
[White "Alliot, Kevin"]
[Black "Zhao, Nicolas"]
[Result "1-0"]
[WhiteElo "1758"]
[BlackElo "1601"]
[PlyCount "105"]

1. d4 d5 2. c4 e6 3. Nc3 Nf6 4. Nf3 b6 5. e3 Bb4 6. Qa4+ Nc6 7. Ne5 Bxc3+ 8.
bxc3 Bd7 9. Nxc6 Qc8 10. cxd5 Nxd5 11. Bb2 Qb7 12. Bb5 a6 13. Ne5 Bxb5 14. Qb3
Nf6 15. f3 O-O 16. a4 Bd7 17. O-O Rac8 18. Rac1 Rfd8 19. Ba3 Qd5 20. c4 Qa5 21.
Bb4 Qxa4 22. Qxa4 Bxa4 23. Ra1 b5 24. Ba5 Re8 25. Nc6 Bb3 26. cxb5 axb5 27. Na7
Rb8 28. Bxc7 Rb7 29. Bd6 h6 30. Rfc1 Bc4 31. Bc5 Nd5 32. Kf2 Nb6 33. Nc6 Rc8
34. Ne7+ Rxe7 35. Bxe7 Nd5 36. Bc5 Bd3 37. e4 Nf4 38. Ke3 g5 39. g3 b4 40. gxf4
b3 41. Ba3 Bc2 42. Bb2 gxf4+ 43. Kxf4 Kh7 44. Ra7 Kg6 45. Ke5 Rc6 46. d5 f6+
47. Kd4 e5+ 48. Ke3 Rb6 49. Rg1+ Kh5 50. Rag7 Ra6 51. R7g3 Kh4 52. Rg4+ Kh5 53.
R1g3 1-0

[Event "Championnat de France des Jeunes - Open "]
[Site "Aix les Bains"]
[Date "????.??.??"]
[Round "7.8"]
[White "Cheriet, Salim"]
[Black "Louvrier Saint-Mary, Dimitri"]
[Result "1-0"]
[WhiteElo "1710"]
[BlackElo "1510"]
[PlyCount "97"]

1. e4 e6 2. d4 d5 3. exd5 exd5 4. Bd3 c6 5. Ne2 Bd6 6. Bf4 Ne7 7. Nbc3 O-O 8.
Qd2 Re8 9. O-O-O Ng6 10. Be3 b5 11. Nf4 b4 12. Nce2 a5 13. Nxg6 fxg6 14. h4 Bf5
15. h5 Bxd3 16. Qxd3 Re6 17. Rh3 Qe8 18. Rdh1 h6 19. g4 g5 20. Kd1 Ra7 21. Ng3
Bxg3 22. Rxg3 Rae7 23. Re1 a4 24. Kd2 Nd7 25. Rgg1 Nb6 26. b3 axb3 27. axb3 Nd7
28. f3 Nf6 29. Bf2 Rxe1 30. Rxe1 Rxe1 31. Bxe1 Qb8 32. Qe2 c5 33. dxc5 d4 34.
Qc4+ Kf8 35. Qxd4 Qb7 36. Ke2 Nd5 37. c6 Qxc6 38. Bxb4+ Kg8 39. Bd2 Qe6+ 40.
Qe4 Qa6+ 41. c4 Nf6 42. Qe7 Qa2 43. Qb4 Qb2 44. Qc3 Qa3 45. b4 Qa6 46. Kf2 Qb7
47. c5 Qf7 48. Qd4 g6 49. Bc3 1-0

[Event "Championnat de France des Jeunes - Open "]
[Site "Aix les Bains"]
[Date "????.??.??"]
[Round "7.9"]
[White "Stefanelli, Jean-Baptiste"]
[Black "Brancherie, Johnny"]
[Result "0-1"]
[WhiteElo "1467"]
[BlackElo "1700"]
[PlyCount "88"]

1. d4 Nf6 2. Nf3 g6 3. c4 Bg7 4. Nc3 O-O 5. e4 d6 6. Be2 Bg4 7. O-O Nc6 8. h3
Bxf3 9. Bxf3 Nd7 10. Be3 e5 11. d5 Nd4 12. Nb5 Nxb5 13. cxb5 Rc8 14. Rc1 f5 15.
Qc2 Nb6 16. Be2 Qh4 17. f3 f4 18. Bf2 Qe7 19. a4 h5 20. a5 Nd7 21. b4 g5 22.
Bxa7 b6 23. axb6 cxb6 24. Qxc8 Rxc8 25. Rxc8+ Kh7 26. Rc7 Qd8 27. Rfc1 Nc5 28.
Bxb6 Qb8 29. Rc6 Nb3 30. R1c3 Nd4 31. Bxd4 exd4 32. Rc1 Qa7 33. Ra6 Qb7 34.
Rcc6 Qe7 35. b6 d3 36. Bxd3 Qe5 37. b7 Qd4+ 38. Kh2 Qxb4 39. Rab6 Qe1 40. b8=Q
Qg3+ 41. Kg1 Bd4+ 42. Kh1 Qe1+ 43. Kh2 Bg1+ 44. Kh1 Bf2+ 0-1

[Event "Championnat de France des Jeunes - Open "]
[Site "Aix les Bains"]
[Date "????.??.??"]
[Round "7.10"]
[White "Rozand, Axel"]
[Black "Garnier, Teddy"]
[Result "0-1"]
[WhiteElo "1610"]
[BlackElo "1785"]
[PlyCount "82"]

1. d4 Nf6 2. Nf3 e6 3. Bf4 b6 4. e3 Bb7 5. Bd3 Be7 6. Nbd2 c5 7. c3 O-O 8. Rc1
d6 9. g4 e5 10. Bg5 Nbd7 11. Bf5 Re8 12. h4 exd4 13. cxd4 Nd5 14. e4 Nb4 15.
Qb3 Nf8 16. e5 Bxg5 17. hxg5 Bd5 18. Qe3 Nc6 19. Kf1 cxd4 20. Qd3 g6 21. Be4
Nxe5 22. Qxd4 Nxf3 23. Qxd5 Nxd2+ 24. Qxd2 Rxe4 25. Qd5 Re5 26. Qf3 Rc8 27.
Rxc8 Qxc8 28. Qf6 Qc1+ 29. Kg2 Qxg5 30. Qxd6 Qxg4+ 31. Kf1 Qc4+ 32. Kg2 Qd5+
33. Qxd5 Rxd5 34. Rc1 Rd2 35. Rc7 a5 36. b3 Rxa2 37. Rb7 Rb2 38. Rxb6 a4 39. b4
a3 40. Ra6 Rxb4 41. Rxa3 Ne6 0-1